00981nam a22002297a 4500003000200000005001700002008004100019050002200060100002600082245017900108260007100287300004500358504005700403650005400460650005300514650003500567650004600602700002100648700002800669700002400697700003000721020250116154821.0250116b xxu||||| |||| 00| 0 eng d aRC 660b.C11 2024 aCabra, Jasmine Andrea aA correlational study between treatment seeking behavior level and quality of life score of young adults with diabetes mellitus type 2 in metro manila c Jasmine Andrea Cabra aLas Pinas CitybSouthville International School and Collegesc2024 aix, 140 pages :billustrations ;c29cm.  aIncludes bibliographical references and appendices.  aDiabetes mellitus type 2—Psychological aspects. aYoung adults—Health and hygiene—Philippines. aQuality of life—Philippines. aMedical care—Utilization—Philippines. aCruz, Nicole Ann aDela Cruz, Jacklord Ace aDelgado, Ana Elijah aElarde, Zsantelle Corinne